ბათუმის შოთა რუსთაველის სახელმწიფო უნივერსიტეტის ბიბლიოთეკა

ცხოვრება გრიგოლ ხანცთელისა და მოყუასთა და მოწაფეთა მისთა. ტ.1 (ბიბ.ჩანაწერი № 42682)

000 -LEADER
fixed length control field 01169nam a2200229Ia 4500
001 - CONTROL NUMBER
control field 9386
003 - CONTROL NUMBER IDENTIFIER
control field GE_BSU
008 - FIXED-LENGTH DATA ELEMENTS--GENERAL INFORMATION
fixed length control field 181216s||||||||xx |||||||||||||| ||und||
040 ## - CATALOGING SOURCE
Transcribing agency GE_BSU
080 ## - UNIVERSAL DECIMAL CLASSIFICATION NUMBER
Universal Decimal Classification number 821.353.1
100 ## - MAIN ENTRY--PERSONAL NAME
Personal name მერჩულე,გიორგი
245 ## - TITLE STATEMENT
Title ცხოვრება გრიგოლ ხანცთელისა და მოყუასთა და მოწაფეთა მისთა. ტ.1
245 ## - TITLE STATEMENT
Remainder of title ტ.1. აღდგენილი დედანი
245 ## - TITLE STATEMENT
Statement of responsibility, etc. დედანი აღადგინა და გამოკვლევა დაურთო პავლე ინგოროყვამ
260 ## - PUBLICATION, DISTRIBUTION, ETC.
Place of publication, distribution, etc. თბილისი
260 ## - PUBLICATION, DISTRIBUTION, ETC.
Name of publisher, distributor, etc. საბჭ.მწერალი
260 ## - PUBLICATION, DISTRIBUTION, ETC.
Date of publication, distribution, etc. 1949
300 ## - PHYSICAL DESCRIPTION
Extent 208გვ.17სმ.
300 ## - PHYSICAL DESCRIPTION
Dimensions დანართი ლექსიკონი გვ.169-180.ვარიანტები გვ.181-194.საძიებელი გვ.195-205
653 ## - INDEX TERM--UNCONTROLLED
Uncontrolled term ცხოვრება გრიგოლ ხანცთელისა და მოყუასთა და მოწაფეთა მისთა
942 ## - ADDED ENTRY ELEMENTS (KOHA)
Koha item type წიგნი
ეგზემპლარები
Withdrawn status Lost status Damaged status Not for loan Date acquired Barcode Date last seen Price effective from Koha item type Source of classification or shelving scheme Permanent Location Current Location Full call number
        2018-12-17 32275 2018-12-17 2018-12-17 წიგნი        
        2018-12-17 32276 2018-12-17 2018-12-17 წიგნი        
        2018-12-17 32277 2018-12-17 2018-12-17 წიგნი        
        2018-12-17 32279 2018-12-17 2018-12-17 წიგნი        
        2018-12-17 32280 2018-12-17 2018-12-17 წიგნი        
        2018-12-17 32317 2018-12-17 2018-12-17 წიგნი        
        2018-12-17 32278 2018-12-17 2018-12-17 წიგნი   ბათუმის შოთა რუსთაველის სახელმწიფო უნივერსიტეტის მთავარი ბიბლიოთეკა ბათუმის შოთა რუსთაველის სახელმწიფო უნივერსიტეტის მთავარი ბიბლიოთეკა 821.353.1